000 00920cam a22002655a 4500
001 14802942
005 20180424152203.0
008 070410t2007 ctua frb 001 0 eng d
020 _a1932394761
020 _a9781932394764
040 _aDLC
_cDLC
_dDLC
_dEG-ScBUE
_beng
082 0 4 _222
_a005.7587
_bUPD
100 1 _aUpdegraff, Bret.
245 1 0 _aSQL server 2005 reporting services in action /
_cBret Updegraff ; foreword by Brian Welcker.
250 _aRev. ed.
260 _aGreenwich :
_bManning,
_cc.2007.
300 _axxxv, 564 p. :
_bill. ;
_c24 cm.
504 _aIncludes bibliographical references and index.
630 0 7 _aSQL server.
650 7 _aClient/server computing.
_2BUEsh
_933834
653 _bCOMSCI
_cApril2018
700 1 _aWelcker, Brian,
_eauthor of introduction, etc.
856 4 2 _3Publisher description
_uhttp://www.loc.gov/catdir/enhancements/fy0716/2007273615-d.html
942 _2ddc
999 _c26589
_d26561